000 00593nam a2200241Ia 4500
003 OSt
005 20221006145422.0
006 a|||||r|||| 00| 0
007 ta
008 221006b |||||||| |||| 00| 0 eng d
020 _cP50.00
024 _a14,780
037 _cTextual
040 _aEASL
_cEASL
_beng
041 _2eng
_aeng
082 _aP, M7
100 _aCOMRIE Bernard Ed.
245 0 _aWorlds major languages
260 _aLondon
_bCroom Helm
_c1987
300 _a1025p.
_ccm.
942 _hP, M7
_cTEXL
_2CC
999 _c1082866
_d1082866